[Event "IRI-ch U16"]
[Site "Chess.com INT"]
[Date "2021.01.16"]
[Round "5"]
[White "Pourramezan Chafjiri, Parsa"]
[Black "Niromand, Mohammad Ebrahim"]
[Result "1/2-1/2"]
[WhiteElo "1728"]
[BlackElo "1437"]
[PlyCount "90"]
[EventDate "2021.01.16"]
[EventType "swiss"]
[EventRounds "11"]
[EventCountry "IRI"]
[SourceTitle "EXT 2022"]
[Source "ChessBase"]
[SourceDate "2021.10.06"]
[SourceVersion "1"]
[SourceVersionDate "2021.10.06"]
[SourceQuality "1"]

1. e4 e6 2. d4 d5 3. exd5 exd5 4. Bd3 Bd6 5. Nf3 Bg4 6. 0-0 Nc6 7. Re1+ Nge7 8. c3 Qd7 9. Nbd2 f6 10. b4 0-0-0 11. a4 Rdg8 12. a5 Kb8 13. b5 Nd8 14. b6 a6 15. bxc7+ Bxc7 16. Qb3 Ka8 17. Ba3 Nec6 18. Bc5 h5 19. Bb6 Bb8 20. Bxd8 Rxd8 21. c4 Bxf3 22. Nxf3 dxc4 23. Bxc4 Nxd4 24. Nxd4 Qxd4 25. Rab1 Qd7 26. g3 h4 27. Be6 Qc7 28. Rec1 Qe7 29. Bd5 Rxd5 30. Qxd5 hxg3 31. hxg3 Ba7 32. Rc2 Rd8 33. Qg2 g5 34. Rc6 Bxf2+ 35. Kf1 bxc6 36. Qxc6+ Ka7 37. Kxf2 Rb8 38. Rxb8 Kxb8 39. Qxa6 Qa7+ 40. Qxa7+ Kxa7 41. Ke3 f5 42. Kd4 f4 43. gxf4 gxf4 44. Ke4 Ka6 45. Kxf4 Kxa5 1/2-1/2